Statistics for 中国内地所有县级以上城市 China all prefecture and county-level cities

Click here to take the quiz!

General Stats

  • This quiz has been taken 247 times
    (186 since last reset)
  • The average score is 300 of 694

Answer Stats

省份人口/万城市% Correct
上海1987上海
92%
北京1775北京
92%
广东1488广州
89%
广东1744深圳
88%
广东956东莞
86%
广东253汕头
85%
广东854佛山
85%
重庆1634重庆
85%
广东190珠海
80%
天津1093天津
80%
广东30汕尾
80%
广东274中山
80%
四川1334成都
79%
江苏399苏州
78%
广东93潮州
78%
江苏791南京
77%
广东267惠州
77%
湖北995武汉
76%
陕西928西安
76%
四川138绵阳
76%
广东123湛江
76%
江苏206徐州
76%
江苏357无锡
75%
浙江361宁波
75%
浙江874杭州
75%
江苏151扬州
74%
广东84肇庆
74%
江苏158南通
74%
山东588济南
74%
江苏102连云港
74%
江苏98泰州
74%
广东95揭阳
73%
陕西135咸阳
73%
浙江134台州
73%
山东601青岛
73%
辽宁707沈阳
72%
浙江238温州
72%
江苏309常州
72%
辽宁521大连
72%
广东89清远
72%
陕西85宝鸡
72%
广东66梅州
71%
浙江217绍兴
71%
江苏135盐城
71%
江苏51张家港
70%
浙江80金华
70%
广东90茂名
70%
广东167江门
70%
黑龙江550哈尔滨
70%
江苏141昆山
70%
广西457南宁
70%
江苏83宿迁
70%
广东74韶关
69%
陕西46延安
69%
浙江60舟山
69%
黑龙江121齐齐哈尔
69%
浙江99嘉兴
69%
江苏80镇江
69%
浙江118义乌
69%
湖南555长沙
69%
福建354福州
69%
福建436厦门
69%
湖北46仙桃
68%
山东67威海
68%
广东33云浮
68%
广西125桂林
68%
河北109张家口
68%
河南534郑州
68%
安徽378合肥
68%
广东63河源
68%
海南209海口
68%
新疆373乌鲁木齐
68%
山东201烟台
68%
西藏55拉萨
68%
陕西53汉中
68%
湖北146襄阳
68%
贵州383贵阳
68%
内蒙古223呼和浩特
67%
浙江75湖州
67%
湖北32黄冈
67%
吉林343长春
67%
陕西83榆林
67%
河北442石家庄
67%
湖北108十堰
67%
山东66德州
67%
四川67攀枝花
67%
浙江41丽水
67%
福建135泉州
67%
海南70三亚
67%
湖北122宜昌
67%
河南199洛阳
67%
浙江53衢州
66%
四川70乐山
66%
山西405太原
66%
山东240淄博
66%
四川119南充
66%
湖北46荆州
66%
河北214唐山
66%
山东85日照
66%
广东74阳江
66%
江苏130淮安
66%
四川108宜宾
66%
吉林130吉林
65%
辽宁146鞍山
65%
江西335南昌
65%
黑龙江128大庆
65%
宁夏152银川
65%
山西175大同
65%
青海162西宁
65%
四川100泸州
65%
云南534昆明
65%
四川66德阳
64%
河北125秦皇岛
64%
湖北67黄石
64%
山东186潍坊
64%
辽宁101锦州
64%
湖南132株洲
64%
江苏84江阴
63%
陕西50渭南
63%
湖北59荆门
63%
甘肃289兰州
63%
河北54承德
63%
山东247临沂
63%
内蒙古190包头
63%
四川97达州
63%
河北190保定
63%
安徽132芜湖
63%
广西206柳州
63%
广西33防城港
63%
山东74滨州
63%
广西64北海
62%
辽宁64葫芦岛
62%
辽宁94盘锦
62%
湖南107岳阳
62%
黑龙江18黑河
62%
河南85南阳
62%
四川40广安
62%
广西49百色
62%
贵州147遵义
62%
河北194邯郸
62%
四川48广元
62%
山东108枣庄
62%
山东130济宁
61%
湖南72湘潭
61%
河南110开封
61%
安徽109淮南
61%
山东109聊城
61%
黑龙江63鸡西
61%
河北84衡水
61%
山东93东营
61%
江苏35太仓
61%
新疆12吐鲁番
60%
辽宁25铁岭
60%
山东82菏泽
60%
江西90九江
60%
湖北70孝感
60%
贵州71六盘水
60%
黑龙江41七台河
60%
湖北46恩施
60%
安徽37黄山
60%
黑龙江73牡丹江
60%
四川29雅安
60%
辽宁58朝阳
60%
湖北26天门
60%
福建36三明
60%
四川47巴中
60%
湖南77郴州
60%
吉林61延吉
59%
吉林48四平
59%
云南52大理
59%
四川67眉山
59%
西藏9日喀则
59%
福建77漳州
59%
江苏83常熟
59%
内蒙古101赤峰
59%
山东116泰安
59%
安徽69蚌埠
59%
辽宁74辽阳
59%
湖南35张家界
59%
河南109新乡
59%
湖北45鄂州
58%
辽宁77本溪
58%
陕西32铜川
58%
河北117邢台
58%
湖北33潜江
58%
安徽86马鞍山
58%
四川77自贡
58%
河北81沧州
58%
安徽82淮北
58%
黑龙江67佳木斯
58%
广西73玉林
58%
江西54景德镇
58%
四川41资阳
58%
湖南103衡阳
58%
江西164赣州
58%
吉林24白城
57%
广西52钦州
57%
海南暂无数据三沙
57%
湖北44随州
57%
河南78焦作
57%
陕西17商洛
57%
吉林35白山
57%
河南99安阳
57%
河南89信阳
57%
宁夏37石嘴山
57%
山西102长治
57%
湖南90常德
57%
甘肃31酒泉
57%
辽宁68丹东
57%
河南38三门峡
57%
辽宁70阜新
57%
陕西32安康
57%
辽宁121抚顺
57%
河南99平顶山
57%
福建46南平
56%
贵州54安顺
56%
福建138莆田
56%
四川55内江
56%
山西60晋城
56%
安徽64安庆
56%
河南48驻马店
56%
四川75遂宁
56%
湖南58永州
56%
福建39宁德
56%
西藏6林芝
55%
海南28儋州
55%
黑龙江50鹤岗
55%
海南5五指山
55%
广东25雷州
55%
新疆34哈密
55%
辽宁96营口
55%
福建101晋江
55%
湖北45咸宁
55%
河南83许昌
55%
河北66廊坊
55%
内蒙古43通辽
55%
福建73龙岩
55%
甘肃43白银
55%
宁夏23中卫
54%
宁夏25固原
54%
海南19东方
54%
河南76周口
54%
河南76商丘
54%
甘肃29嘉峪关
54%
贵州61毕节
54%
广西61梧州
54%
江苏60宜兴
54%
山西79晋中
54%
安徽82六安
54%
广西34贺州
54%
西藏5山南
54%
云南40楚雄
53%
吉林39通化
53%
江西120上饶
53%
安徽26宣城
53%
安徽38池州
53%
青海19海东
53%
山西67临汾
53%
河南40济源
53%
河南52鹤壁
53%
江西68宜春
53%
云南23丽江
53%
河南66漯河
53%
河南64濮阳
53%
安徽63亳州
53%
安徽57铜陵
53%
四川56简阳
53%
四川54西昌
53%
黑龙江3漠河
53%
宁夏37吴忠
53%
内蒙古51乌海
53%
内蒙古67鄂尔多斯
53%
山西37忻州
53%
湖南51益阳
53%
湖南59怀化
52%
贵州42铜仁
52%
浙江106慈溪
52%
四川37都江堰
52%
黑龙江32绥化
52%
甘肃26张掖
52%
安徽64宿州
52%
山西42朔州
52%
新疆46石河子
52%
安徽86阜阳
52%
湖南63邵阳
52%
海南16文昌
51%
江西61萍乡
51%
甘肃39武威
51%
山西66运城
51%
西藏5昌都
51%
云南97曲靖
51%
广西22崇左
50%
广西40来宾
50%
黑龙江36双鸭山
50%
新疆38喀什
50%
江西68新余
50%
内蒙古43呼伦贝尔
50%
江西79抚州
50%
黑龙江30伊春
50%
甘肃66天水
50%
湖南54娄底
50%
新疆45克拉玛依
50%
吉林47松原
49%
江苏38启东
49%
安徽45滁州
49%
内蒙古7二连浩特
49%
新疆28和田
49%
山东33曲阜
49%
山西51阳泉
49%
山西33吕梁
49%
浙江77余姚
49%
广西46河池
49%
江西44吉安
48%
江西38鹰潭
48%
江苏31高邮
48%
广西71贵港
48%
吉林41辽源
48%
云南38昭通
47%
云南6香格里拉
47%
新疆8阿勒泰
47%
青海15格尔木
47%
甘肃9敦煌
47%
江苏35溧阳
47%
新疆44昌吉
47%
云南29普洱
46%
江苏36如皋
46%
内蒙古40巴彦淖尔
46%
四川5康定
46%
浙江46东阳
46%
青海8玉树
46%
内蒙古38乌兰察布
45%
吉林26公主岭
45%
浙江42海宁
45%
山东48青州
45%
浙江59诸暨
45%
云南51玉溪
45%
广东49普宁
45%
西藏3那曲
45%
新疆49库尔勒
44%
四川3马尔康
44%
江苏40丹阳
44%
江苏18扬中
44%
河北63三河
43%
甘肃31庆阳
43%
云南40文山
43%
甘肃20定西
43%
甘肃24金昌
43%
甘肃19陇南
43%
内蒙古15满洲里
43%
江西5井冈山
42%
黑龙江5五大连池
42%
陕西29神木
42%
海南11万宁
42%
新疆2铁门关
42%
贵州49凯里
42%
甘肃32平凉
42%
江苏30仪征
42%
浙江65温岭
42%
云南34保山
42%
山东32莱西
41%
云南20临沧
41%
广东21英德
41%
广东22陆丰
41%
江苏32句容
41%
甘肃31临夏
41%
新疆63伊宁
40%
贵州32都匀
40%
新疆1北屯
40%
山东55胶州
40%
浙江98瑞安
40%
新疆44阿克苏
40%
青海6德令哈
40%
四川27阆中
40%
福建14武夷山
40%
江苏33靖江
40%
安徽39巢湖
40%
海南18琼海
40%
辽宁38瓦房店
40%
四川26广汉
40%
福建48福清
39%
新疆11塔城
39%
新疆2胡杨河
39%
江苏33东台
39%
广东36台山
39%
湖南30吉首
38%
山东19乳山
38%
山东34荣成
38%
山东37龙口
38%
湖南31浏阳
38%
四川32江油
38%
河南36新郑
38%
福建43石狮
38%
云南27景洪
37%
江苏38泰兴
37%
山东71滕州
37%
浙江15建德
37%
黑龙江10绥芬河
37%
黑龙江17五常
37%
浙江88乐清
37%
广东42四会
37%
江苏37新沂
36%
江苏60邳州
36%
四川16绵竹
36%
贵州57兴义
36%
浙江53桐乡
36%
内蒙古33锡林浩特
36%
黑龙江4抚远
36%
山东30莱州
36%
河北27高碑店
36%
山东33莱阳
35%
山东39平度
35%
新疆10五家渠
35%
浙江43龙港
35%
云南20芒市
35%
浙江29平湖
35%
吉林18珲春
34%
湖北15丹江口
34%
山东28招远
34%
广东34开平
34%
浙江45玉环
34%
广东14连州
34%
四川27邛崃
34%
新疆6图木舒克
34%
安徽24天长
34%
江苏45海安
34%
山东51寿光
33%
新疆1可克达拉
33%
新疆13阿拉尔
33%
四川32彭州
33%
云南26个旧
33%
河北24黄骅
33%
河北41定州
33%
新疆2昆玉
33%
四川16什邡
33%
广东32高州
33%
山东46邹城
33%
山东23海阳
33%
福建23福鼎
33%
江苏32兴化
33%
甘肃5玉门
32%
广东25廉江
32%
广东24罗定
32%
云南18瑞丽
32%
广东26鹤山
32%
浙江32嵊州
32%
甘肃7合作
32%
广东26吴川
32%
江西28瑞金
32%
河北32涿州
32%
浙江22江山
31%
山东10栖霞
31%
湖南35醴陵
31%
吉林25梅河口
31%
山东57诸城
31%
辽宁27庄河
31%
四川23峨眉山
31%
新疆2双河
31%
湖南48耒阳
30%
新疆新设新星
30%
湖北暂无数据宜都
30%
河南29登封
30%
山东48高密
30%
广东11南雄
30%
四川31崇州
30%
辽宁41海城
30%
广东20恩平
30%
内蒙古30乌兰浩特
30%
贵州30仁怀
29%
湖北19老河口
29%
湖南5韶山
29%
浙江25兰溪
29%
湖北暂无数据监利
29%
浙江42临海
29%
河北16霸州
29%
河南43林州
29%
福建26福安
29%
湖北17枝江
29%
广东26阳春
29%
陕西19韩城
28%
辽宁14新民
28%
辽宁15调兵山
28%
江西14共青城
28%
云南17腾冲
28%
河南37荥阳
28%
河北38迁安
28%
安徽20无为
28%
浙江55永康
28%
福建27南安
28%
湖南21冷水江
27%
云南39蒙自
27%
山东41肥城
27%
广东29化州
27%
安徽29桐城
27%
湖北27利川
27%
新疆17博乐
27%
新疆新设白杨
27%
山西17汾阳
27%
陕西7华阴
27%
安徽25宁国
27%
吉林6图们
27%
山东35邹平
27%
云南7泸水
27%
陕西13彬州
27%
江西9庐山
26%
河北18河间
26%
黑龙江16嫩江
26%
河北16晋州
26%
吉林20敦化
26%
河北31辛集
26%
黑龙江13北安
26%
湖北25赤壁
26%
内蒙古2阿尔山
26%
河南37邓州
26%
湖北30麻城
26%
辽宁23东港
25%
湖南49宁乡
25%
湖南11津市
25%
河南40禹州
25%
辽宁12北镇
25%
辽宁16北票
25%
湖北29武穴
25%
湖北36大冶
25%
黑龙江15尚志
25%
内蒙古4根河
25%
湖北17京山
25%
四川34射洪
25%
广西7凭祥
25%
湖北23钟祥
25%
山西27介休
25%
安徽21界首
25%
新疆2霍尔果斯
25%
广东32信宜
25%
广东10乐昌
25%
湖北28广水
25%
广西14东兴
24%
贵州10赤水
24%
河北28武安
24%
江西37丰城
24%
河南33巩义
24%
吉林9龙井
24%
黑龙江26肇东
24%
广东29兴宁
24%
河南33汝州
24%
河北34任丘
24%
河南15舞钢
24%
广西新设黔西
24%
湖南18汨罗
24%
浙江15龙泉
24%
青海2茫崖
24%
山东46新泰
24%
四川11华蓥
24%
山东23昌邑
24%
山西17侯马
24%
湖北32枣阳
23%
吉林20榆树
23%
吉林19德惠
23%
河南21灵宝
23%
河南34新密
23%
宁夏12青铜峡
23%
辽宁22开原
23%
湖南36邵东
23%
辽宁11灯塔
23%
山东22禹城
23%
吉林6和龙
23%
黑龙江6东宁
23%
湖北45汉川
23%
安徽19明光
23%
黑龙江8虎林
23%
新疆9阿图什
23%
河北25遵化
22%
湖北16洪湖
22%
河北14南宫
22%
辽宁19兴城
22%
山西14古交
22%
内蒙古14牙克石
22%
江西24樟树
22%
辽宁18盖州
22%
黑龙江13讷河
22%
吉林13蛟河
22%
黑龙江12海林
22%
河南29长葛
21%
江西26高安
21%
江西15瑞昌
21%
山西27孝义
21%
吉林9扶余
21%
山西15永济
21%
辽宁26大石桥
21%
湖南17临湘
21%
云南39宣威
21%
黑龙江5同江
21%
福建19邵武
21%
河南51永城
21%
河北20新乐
21%
吉林12磐石
21%
四川11万源
20%
西藏新设米林
20%
内蒙古4额尔古纳
20%
湖北17宜城
20%
湖北18松滋
20%
宁夏14灵武
20%
福建16建瓯
20%
山东17乐陵
20%
湖北18当阳
20%
山西18原平
20%
河北14深州
20%
内蒙古14扎兰屯
20%
辽宁14凌海
20%
广西22桂平
20%
山东36临清
20%
湖南22武冈
20%
河北16安国
20%
福建23永安
20%
新疆25库车
20%
湖北26应城
20%
河北23沙河
20%
安徽25广德
20%
广西24平果
20%
陕西24兴平
20%
湖北24安陆
19%
新疆22奎屯
19%
新疆1阿拉山口
19%
辽宁21凌源
19%
湖南26常宁
19%
辽宁18凤城
19%
湖北17石首
19%
吉林7集安
19%
西藏新设错那
19%
青海暂无数据同仁
19%
湖南22湘乡
19%
吉林12双辽
19%
黑龙江14海伦
19%
黑龙江13富锦
19%
山西13霍州
19%
内蒙古13霍林郭勒
19%
吉林11洮南
19%
吉林15舒兰
19%
河南12义马
19%
山东39安丘
18%
河北19滦州
18%
黑龙江14铁力
18%
黑龙江8宁安
18%
吉林10大安
18%
山西20河津
18%
黑龙江12密山
18%
福建13漳平
18%
湖南17涟源
17%
广西28北流
17%
江西20贵溪
17%
四川20隆昌
17%
贵州28清镇
17%
陕西新设旬阳
17%
贵州12兴仁
17%
河南40长垣
17%
黑龙江17安达
17%
湖南新设祁阳
17%
广西新设横州
17%
云南18弥勒
17%
吉林15桦甸
17%
湖南18沅江
17%
河北17平泉
16%
四川新设会理
16%
河南41项城
16%
安徽15潜山
16%
河南37辉县
16%
河南14孟州
16%
江西19龙南
16%
贵州27盘州
16%
江西24乐平
15%
陕西13子长
15%
河北21泊头
15%
云南31安宁
15%
江西17德兴
15%
云南5水富
15%
河南19沁阳
15%
山西18怀仁
14%
新疆9阜康
14%
广西9荔浦
14%
山西17高平
14%
湖南18资兴
14%
河南18卫辉
14%
贵州11福泉
14%
广西25岑溪
14%
云南20开远
14%
黑龙江6穆棱
13%
吉林8临江
13%
广西12靖西
12%
内蒙古11丰镇
12%
新疆12乌苏
11%
湖南12洪江
11%
广西4合山
11%
云南新设禄丰
11%
甘肃8华亭
10%
新疆新设沙湾
7%
云南4澄江
7%

Score Distribution

Percentile by Number Answered

Percent of People with Each Score

Your Score History

You have not taken this quiz since the last reset